000 00379 a2200157 4500
001 72735
020 _a8506034000
040 _cAnchieta - Colégio São Paulo
240 1 0 _aMichaelis Dicionário escolar
_lIng
245 1 0 _aMichaelis Dicionário escolar
300 _a841
362 0 _a2004
440 1 _aMelhoramentos
650 4 _aObras enciclopédicas gerais
942 _cBK
999 _c72735
_d72735